Meat handbook
Gardado en:
| Autor Principal: | |
|---|---|
| Formato: | Libro |
| Idioma: | Undetermined |
| Publicado: |
Connecticut
Avi
1967
|
| Những chủ đề: | |
| Các nhãn: |
Engadir etiqueta
Sen Etiquetas, Sexa o primeiro en etiquetar este rexistro!
|
| Thư viện lưu trữ: | Trung tâm Học liệu Trường Đại học Cần Thơ |
|---|
| LEADER | 00450nam a2200181Ia 4500 | ||
|---|---|---|---|
| 001 | CTU_11640 | ||
| 008 | 210402s9999 xx 000 0 und d | ||
| 082 | |a 664.9 | ||
| 082 | |b L664 | ||
| 100 | |a Albert Levie | ||
| 245 | 0 | |a Meat handbook | |
| 245 | 0 | |c Albert Levie | |
| 260 | |a Connecticut | ||
| 260 | |b Avi | ||
| 260 | |c 1967 | ||
| 650 | |a animal products,meat | ||
| 904 | |i Minh, 961030 | ||
| 980 | |a Trung tâm Học liệu Trường Đại học Cần Thơ | ||